00910cam a2200265 a 450000100090000000300040000900500170001300800410003001000170007102000150008803500220010304000130012504200100013804300120014808200150016010000210017524501140019626000730031030000330038349000370041650400520045365000270050570000210053283000910055313569524OSt20230703105018.0040202s2003 ke a b 000 0 eng  a 2003408705 a9966948635 a(DLC) 2003408705 aDLCcDLC alcode af-ke--- a352.4bMAS1 aMasya, Japhet K.10aBudgetary process in Kenya :benhancement of its public accountability /cJaphet K. Masya and Peter Njiraini. aNairobi, Kenya :bInstitute of Policy Analysis and Research,cc2003. avii, 65 p. :bill. ;c23 cm.1 aDiscussion paper ;vno. 040/2003 aIncludes bibliographical references (p. 61-63). 0aBudget processzKenya.1 aNjiraini, Peter. 0aDiscussion paper (Institute of Policy Analysis and Research (Kenya)) ;vno. DP 03/040.